Listy miłosne

Titel: Listy miłosne / Stanisław Przybyszewski
Verfasser:
Veröffentlicht: Warszawa : Wydawn. Artystyczne i Filmowe, 1986
Umfang: 152 S. : Ill. ; 6,5 x 5,5 cm
Format: Buch
Sprache: Polnisch
ISBN: 8322103867
Buchumschlag
X
Lokale Klassifikation: 2 P 252
alg: 3419316
001A    $03004:09-03-95 
001B    $01999:20-11-16 $t00:30:57.000 
001C    $03004:12-11-13 $t12:59:22.000 
001D    $09999:99-99-99 
001U    $0utf8 
001X    $00 
002@    $0Aau 
003@    $0034193162 
003O    $0297615841 $aOCoLC 
004A    $083-221-0386-7 
007A    $0034193162 $aHEB 
007T    $0Herdhh034193162 
010@    $apol 
011@    $a1986 
013H    $0z 
015@    $0S 
021A    $aListy miłosne $hStanisław Przybyszewski 
028A    $RPrzybyszewska, Stanisława $#Пшибышевский, Станислав $#פשיבישבסקי, סטניסלב $#Przybyszewski, Stanislaus $#Przybyszewski, Stanislaw $#Pšibyševskij, Stanislav $#Pshibyshevskiĭ, St. $#Przybyszewski, Stachu $#Stachu $#Pshebyshevskiĭ, S. $#Pšybyševskis, St. $#Pšibyševskij, St. $#פשיבישעווסקי, סטניסלב $#פשיבישבסקי, סטאניסלאב $7118742108 $8Przybyszewski, Stanisław$Z1868-1927 [Tp1] $9087082829 
033A    $pWarszawa $nWydawn. Artystyczne i Filmowe 
034D    $a152 S. 
034I    $a6,5 x 5,5 cm 
034M    $aIll. 

lok: 3419316 24
101B    $012-11-13 $t12:59:22.000 
101U    $0utf8 
145Z/01 $a2 P 252 

exp: 3419316 24 1 #EPN
201B/01 $012-11-13 $t12:59:22.000 
201U/01 $0utf8 
203@/01 $0086595741 
208@/01 $a12-11-13 $bz 
209A/01 $aS 13177 $du $f050 $hS 13177 $x00 
209C/01 $aK 92.1422 $h92 1422 K 
209G/01 $a73386772 $x00 
244Z/01 $#Пшибышевский, Станислав $#פשיבישבסקי, סטניסלב $#Przybyszewski, Stanislaus $#Przybyszewski, Stanislaw $#Pšibyševskij, Stanislav $#Pshibyshevskiĭ, St. $#Przybyszewski, Stachu $#Stachu $#Pshebyshevskiĭ, S. $#Pšybyševskis, St. $#Pšibyševskij, St. $#פשיבישעווסקי, סטניסלב $#פשיבישבסקי, סטאניסלאב $7118742108 $8--Tp1--Przybyszewski, Stanisław$Z1868-1927 $x01 $9087082829 
247C/01 $8358050-7 Marburg, Bibliothek des Herder-Instituts Marburg $9102600961 

lok: 3419316 78

exp: 3419316 78 1 #EPN
201B/01 $019-04-17 $t17:51:26.000 
201U/01 $0utf8 
203@/01 $0794111041 
208@/01 $a12-11-16 $be 
209A/01 $a/ $f000 $x00 
237A/01 $aweiterführende Signatur(en): Herder-Institut: S 13177 
244Z/01 $2Trx $#Poola $#Lenkija $#Polija $#Polen Land $#Poland $#Lengyelország $#Poľsko $#Polsko $8--Trx--Polska$gkraj $x01 $9391345966 
244Z/01 $2Trx $8--Trx--Monographie $x02 $9391384546 
247C/01 $82080>Marburg/Lahn, Herder-Institut, Forschungsbibliothek, Bibliographieportal $9336309341
LEADER 00000cam a2200000 c 4500
001 034193162
003 DE-603
005 20161120003057.0
007 tu
008 950309s1986 xx |||| | u00||u|pol c
020 |a 8322103867 
035 |a (DE-599)HEB034193162 
035 |a (OCoLC)297615841 
040 |a DE-603  |b ger  |c DE-603  |d DE-603 
041 |a pol 
100 1 |a Przybyszewski, Stanisław  |d 1868-1927  |0 (DE-603)087082829  |0 (DE-588)118742108  |2 gnd 
245 0 0 |a Listy miłosne  |c Stanisław Przybyszewski 
264 1 |a Warszawa  |b Wydawn. Artystyczne i Filmowe  |c 1986 
300 |a 152 S.  |b Ill.  |c 6,5 x 5,5 cm 
924 0 |9 Mb 50  |a (DE-603)086595741  |b DE-Mb50  |c HES  |d c  |g S 13177 
924 0 |9 2080  |a (DE-603)794111041  |b DE-2080  |c HES  |d d  |g /